Laws of UX : using psychology to design better products & services / (Record no. 4472)

000 -LEADER
fixed length control field 02347cam a22003857i 4500
001 - CONTROL NUMBER
control field 23739821
003 - CONTROL NUMBER IDENTIFIER
control field OSt
005 - DATE AND TIME OF LATEST TRANSACTION
control field 20260330120405.0
008 - FIXED-LENGTH DATA ELEMENTS--GENERAL INFORMATION
fixed length control field 240618t20242024caua b 001 0 eng d
010 ## - LIBRARY OF CONGRESS CONTROL NUMBER
LC control number 2024441205
020 ## - INTERNATIONAL STANDARD BOOK NUMBER
International Standard Book Number 9781098146962
Qualifying information paperback
020 ## - INTERNATIONAL STANDARD BOOK NUMBER
International Standard Book Number 1098146964
Qualifying information paperback
020 ## - INTERNATIONAL STANDARD BOOK NUMBER
Cancelled/invalid ISBN 9781098146931
Qualifying information electronic book
035 ## - SYSTEM CONTROL NUMBER
System control number 23739821
035 ## - SYSTEM CONTROL NUMBER
System control number (OCoLC)1398211139
040 ## - CATALOGING SOURCE
Original cataloging agency YDX
Language of cataloging eng
Description conventions rda
Transcribing agency YDX
Modifying agency BDX
-- OCLCQ
-- JAG
-- OCLCO
-- YDX
-- DLC
042 ## - AUTHENTICATION CODE
Authentication code lccopycat
050 00 - LIBRARY OF CONGRESS CALL NUMBER
Classification number QA76.9.Y33 2024
082 04 - DEWEY DECIMAL CLASSIFICATION NUMBER
Classification number 004.01/9
Edition number 23/eng/20240613
082 04 - DEWEY DECIMAL CLASSIFICATION NUMBER
Classification number 004.2/1
Edition number 23/eng/20231120
100 1# - MAIN ENTRY--PERSONAL NAME
Personal name Yablonski, Jon,
Relator term author.
245 10 - TITLE STATEMENT
Title Laws of UX : using psychology to design better products & services /
Statement of responsibility, etc Jon Yablonski.
250 ## - EDITION STATEMENT
Edition statement Second edition.
300 ## - PHYSICAL DESCRIPTION
Extent xvi, 164 pages :
Other physical details illustrations (chiefly color) ;
Dimensions 23 cm
504 ## - BIBLIOGRAPHY, ETC. NOTE
Bibliography, etc Includes bibliographical references and index.
505 00 - FORMATTED CONTENTS NOTE
Title Jakob's law --
-- Fitt's law --
-- Miller's law --
-- Hick's law --
-- Postel's law --
-- Peak-end rule --
-- Aesthetic-usability effect --
-- Von Restorff effect --
-- Tesler's law --
-- Doherty threshold --
-- Applying psychological principles in design --
-- With power comes responsibility.
520 ## - SUMMARY, ETC.
Summary, etc "An understanding of psychology--specifically the psychology behind how users behave and interact with digital interfaces--is perhaps the single most valuable nondesign skill a designer can have. The most elegant design can fail if it forces users to conform to the design instead of working within the 'blueprint' of how humans perceive and process the world around them. This practical guide explains how you can apply key principles of psychology to build products and experiences that are more human-centered and intuitive. Author Jon Yablonski deconstructs familiar apps and experiences to provide clear examples of how UX designers can build interfaces that adapt to how users perceive and process digital interfaces"--Provided by publisher.
650 #0 - SUBJECT ADDED ENTRY--TOPICAL TERM
Topical term or geographic name as entry element Human-computer interaction
General subdivision Psychological aspects.
650 #0 - SUBJECT ADDED ENTRY--TOPICAL TERM
Topical term or geographic name as entry element User interfaces (Computer systems)
General subdivision Design.
650 #0 - SUBJECT ADDED ENTRY--TOPICAL TERM
Topical term or geographic name as entry element User-centered system design.
650 #6 - SUBJECT ADDED ENTRY--TOPICAL TERM
Topical term or geographic name as entry element Conception participative (Conception de systèmes)
906 ## - LOCAL DATA ELEMENT F, LDF (RLIN)
a 7
b cbc
c copycat
d 2
e ncip
f 20
g y-gencatlg
942 ## - ADDED ENTRY ELEMENTS (KOHA)
Source of classification or shelving scheme
Koha item type Book
Holdings
Withdrawn status Lost status Source of classification or shelving scheme Damaged status Not for loan Home library Current library Shelving location Date acquired Total Checkouts Full call number Barcode Date last seen Copy number Price effective from Koha item type
          Riara University Library Riara University Library General stack 30/03/2026   QA76.9.Y33 2024 10882/26 30/03/2026 C.1 30/03/2026 Book
          Riara University Library Riara University Library General stack 30/03/2026   QA76.9.Y33 2024 10883/26 30/03/2026 C.1 30/03/2026 Book

Riara University Library,
P.O. Box 49940-00100,
Nairobi, Kenya.